Statistics for Add A Letter

Click here to take the quiz!

General Stats

  • This quiz has been taken 51 times
  • The average score is 20 of 22

Answer Stats

HintAnswer% Correct
EarBear / Tear / Near / Fear / Sear / Dear / Earn / Earl / Pear / Year / Lear / Rear / Hear / Wear / Gear
93%
AceFace / Race / Mace / Lace / Pace
93%
AspGasp / Hasp / Wasp / Rasp
93%
AreHare / Bare / Area / Care / Fare / Mare / Rare / Dare / Ware / Pare
93%
AmpLamp / Damp / Camp / Ramp / Tamp / Vamp / Gamp / Samp
93%
AgePage / Cage / Wage / Sage / Rage / Gage / Mage
93%
LowPlow / Slow / Glow / Blow / Alow / Flow
93%
ActFact / Tact / Pact
91%
LowerFlower / Blower / Slower / Glower / Lowery / Lowers
91%
OwnGown / Sown / Town / Mown / Down / Lown
91%
OrOre / Orc / Nor / For / Orb
91%
ArtWart / Dart / Fart / Part / Hart / Cart / Mart / Tart
91%
OwlBowl / Cowl / Howl / Jowl / Fowl / Yowl
89%
TickStick
89%
WordSword
89%
LassClass / Lasso / Lassi / Class / Glass
87%
TaleStale
87%
UseFuse / Muse / Ruse
85%
SpaSpat / Span / Spay / Spam / Spar
85%
RueTrue / Grue
85%
CodCode / Coda
83%
YesEyes / Dyes / Lyes / Ryes / Byes
67%

Score Distribution

Percentile by Number Answered

Percent of People with Each Score

Your Score History

You have not taken this quiz